| 000 | 00359nam a2200145Ia 4500 | ||
|---|---|---|---|
| 008 | 230312s9999||||xx |||||||||||||| ||und|| | ||
| 020 | _a81-265-3322-0 | ||
| 082 |
_a720.19 _bBRY-C |
||
| 100 | _aBryan; Tony | ||
| 245 | 0 | _aConstruction Technology Analysis and Choice | |
| 260 |
_bWiley _aIndia _c2005 |
||
| 300 | _a452 | ||
| 650 | _aArchitecture | ||
| 942 | _cBK | ||
| 999 |
_c11869 _d11869 |
||